| 000 | 00807cam a2200217 a 4500 | ||
|---|---|---|---|
| 003 | EG-GiCUC | ||
| 008 | 080727s1967 ua g 000 0 ara d | ||
| 040 |
_aEG-GiCUC _bara _cEG-GiCUC |
||
| 092 | 0 | 4 |
_a320.540953 _bH3669 _221 |
| 099 |
_a04 _a320.540953 H3669 |
||
| 100 | 1 | _aحاطوم : نور الدين | |
| 245 | 1 | 0 |
_aمحاضرات عن حركة القومية العربية / _cالقاها نور الدين حاطوم |
| 260 |
_aالقاهرة : _bمعهد البحوث و الدراسات العربية : _c1967 |
||
| 300 |
_a165ص ؛ _c24سم |
||
| 650 | 7 |
_aالقومية العربية _2qrmak |
|
| 902 | _a1 | ||
| 905 |
_aجيهان _eمراجع |
||
| 905 |
_aرضا _eمدخل |
||
| 942 |
_2ddc _cBK |
||
| 999 |
_c100567 _d100567 |
||